000 nam a22 7a 4500
999 _c127050
_d127050
008 171006b xxu||||| |||| 00| 0 eng d
050 _aPA3001.R6
100 _aRose, Herbert Jennings
_936748
245 _aOutlines of Classical Literature
_cHerbert Jennings Rose
260 _aNew York
_bThe World Publishing Company
_c1961
300 _axiv, 303p. ;
_c18cm.
650 _aClassical literature
_xHistory and criticism
_936749
942 _2lcc
_cMONOGRAPH